000 00422nam a2200181Ia 4500
005 20250423095048.0
008 250422s9999 xx 000 0 und d
020 _a0471603651
050 _aTK 7868 .D M49/
100 _aMiczo, Alexander
245 0 _aDigital logic testing and simulation
260 _aNew york
260 _bWiley
260 _c1986
300 _a414 p
650 _adigital logic
942 _cBK
999 _c29122
_d29122